Państwa azji wysunięte najbardziej na południe - Statystyki

Ogólne statystyki
  • Ten quiz został rozwiązany 58 razy
  • Średni wynik to 13 z 15
Statystyki odpowiedzi
Miejsce Odpowiedź % Poprawnych
Miejsce 9 Indie
100%
Miejsce 1 Indonezja
98%
Miejsce 4 Malezja
93%
Miejsce 8 Sri lanka
93%
Miejsce 10 Filipiny
88%
Miejsce 11 Jemen
88%
Miejsce 5 Malediwy
88%
Miejsce 15 Oman
88%
Miejsce 7 Tajlandia
88%
Miejsce 2 Timor wschodni
88%
Miejsce 13 Wietnam
88%
Miejsce 3 Singapur
86%
Miejsce 14 Kambodża
84%
Miejsce 12 Mjanma
82%
Miejsce 6 Brunei
75%
Nie znaleziono quizów pasujących do podanych kryteriów
Rozkład punktacji
Procent ludzi z każdym wynikiem
Percentyl według liczby udzielonych odpowiedzi
Twoja historia wyników
Nie rozwiązałeś tego quizu